TV Shows by Opening Sequence V Quiz Stats

 Plays Quiz Updated Nov 16, 2015

Challenge
Share
Tweet
Score 0/30 Timer 10:00
0 Plays Today
% Correct
The Flintstones
97.6%
Bewitched
89.8%
ER
83.9%
Roseanne
83.2%
Murder, She Wrote
74.3%
ALF
73.4%
Ugly Betty
73.3%
The Nanny
72.9%
The Jeffersons
67.8%
Night Court
66%
Taxi
64.7%
American Horror Story
61.6%
The Drew Carey Show
61.4%
Saturday Night Live
60%
Freaks and Geeks
60%
% Correct
Weeds
57.5%
Elementary
55.3%
House of Cards
52.1%
Portlandia
51.9%
Person of Interest
41.6%
Inside Amy Schumer
34.4%
Unbreakable Kimmy Schmidt
34.1%
Hangin' with Mr. Cooper
31.6%
Under the Dome
26.3%
Transparent
26.1%
Masters of Sex
25.8%
Silicon Valley
23.5%
Better Call Saul
21.5%
The Pacific
20.2%
Undeclared
14.6%

You're not logged in!

Compare scores with friends on all Sporcle quizzes.
Join for Free
OR
Log In

You Might Also Like...

Show Comments

Extras

Top Quizzes Today


Score Distribution

Your Account Isn't Verified!

In order to create a playlist on Sporcle, you need to verify the email address you used during registration. Go to your Sporcle Settings to finish the process.

Report this User

Report this user for behavior that violates our Community Guidelines.

Details: